| LEADER | 02031nam a2200265 4500 | ||
|---|---|---|---|
| 082 | |a 915.97 |b B510TH | ||
| 100 | |a Bùi Thị Hải Yến | ||
| 245 | |a Tuyến điểm du lịch Việt Nam |c Bùi Thị Hải Yến | ||
| 250 | |a Tái bản lần thứ 8 | ||
| 260 | |a H.: |b Giáo dục, |c 2014 | ||
| 300 | |a 431tr.; |c 24cm | ||
| 520 | |a vv | ||
| 653 | |a Địa lý | ||
| 942 | |2 ddc |c STK0 | ||
| 999 | |c 11372 |d 11372 | ||
| 952 | |0 0 |1 0 |2 ddc |4 0 |6 915_970000000000000_B510TH |7 0 |8 900 |9 97062 |a qbu |b qbu |c D5 |d 2015-10-26 |g 70000 |o 915.97 B510TH |p 11030.C1 |r 2015-10-29 |w 2015-10-26 |y STK0 | ||
| 952 | |0 0 |1 0 |2 ddc |4 0 |6 915_970000000000000_B510TH |7 0 |8 900 |9 97063 |a qbu |b qbu |c D5 |d 2015-10-26 |g 70000 |o 915.97 B510TH |p 11030.C2 |r 0000-00-00 |w 2015-10-26 |y STK0 | ||
| 952 | |0 0 |1 0 |2 ddc |4 0 |6 915_970000000000000_B510TH |7 0 |8 900 |9 97064 |a qbu |b qbu |c D5 |d 2015-10-26 |g 70000 |o 915.97 B510TH |p 11030.C3 |r 0000-00-00 |w 2015-10-26 |y STK0 | ||
| 952 | |0 0 |1 0 |2 ddc |4 0 |6 915_970000000000000_B510TH |7 0 |8 900 |9 97065 |a qbu |b qbu |c D5 |d 2015-10-26 |g 70000 |l 1 |o 915.97 B510TH |p 11030.C4 |r 2019-08-01 |s 2016-03-11 |w 2015-10-26 |y STK0 | ||
| 952 | |0 0 |1 0 |2 ddc |4 0 |6 915_970000000000000_B510TH |7 0 |8 900 |9 97066 |a qbu |b qbu |c D5 |d 2015-10-26 |g 70000 |o 915.97 B510TH |p 11030.C5 |r 0000-00-00 |w 2015-10-26 |y STK0 | ||
| 952 | |0 0 |1 0 |2 ddc |4 0 |6 915_970000000000000_B510TH |7 0 |8 900 |9 97067 |a qbu |b qbu |c D5 |d 2015-10-26 |g 70000 |o 915.97 B510TH |p 11030.C6 |r 0000-00-00 |w 2015-10-26 |y STK0 | ||
| 952 | |0 0 |1 0 |2 ddc |4 0 |6 915_970000000000000_B510TH |7 0 |8 900 |9 97068 |a qbu |b qbu |c D5 |d 2015-10-26 |g 70000 |o 915.97 B510TH |p 11030.C7 |r 0000-00-00 |w 2015-10-26 |y STK0 | ||
| 952 | |0 0 |1 0 |2 ddc |4 0 |6 915_970000000000000_B510TH |7 0 |8 900 |9 97069 |a qbu |b qbu |c D5 |d 2015-10-26 |g 70000 |o 915.97 B510TH |p 11030.C8 |r 2015-10-29 |w 2015-10-26 |y STK0 | ||
| 952 | |0 0 |1 0 |2 ddc |4 0 |6 915_970000000000000_B510TH |7 0 |8 900 |9 97070 |a qbu |b qbu |c D5 |d 2015-10-26 |g 70000 |l 1 |o 915.97 B510TH |p 11030.C9 |r 2018-09-04 |s 2018-08-21 |w 2015-10-26 |y STK0 | ||
| 952 | |0 0 |1 0 |2 ddc |4 0 |6 915_970000000000000_B510TH |7 0 |8 900 |9 97071 |a qbu |b qbu |c D5 |d 2015-10-26 |g 70000 |l 1 |o 915.97 B510TH |p 11030.C10 |r 2017-01-19 |s 2017-01-10 |w 2015-10-26 |y STK0 | ||